Titres films animation Dreamworks - Statistiques

Statistiques générales
  • Ce quiz a été pris 1 668 fois
  • Le résultat moyen est 5 sur 20
Statistiques - réponses
Réponse % Correct
2001 Shrek
89%
2005 Madagascar
50%
2010 Dragons
41%
2008 Kung Fu Panda
41%
1998 Fourmiz
34%
2011 le Chat Potté
28%
2004 Gang de requins
26%
2010 Megamind
25%
2002 Spirit
24%
1998 le prince d'Egypte
22%
2013 Turbo
21%
2007 Bee movie
20%
2012 les cinq légendes
20%
2006 Nos voisins les hommes
19%
2000 la route d'Eldorado
17%
2013 les Croods
17%
2001 Chicken Run
15%
2009 Monstres contre Aliens
15%
2003 Sinbad
14%
2014 Mr. Peabody et Sherman
6%
Aucun quiz correspondant
Distribution des résultats
% des personnes avec chaque résultat
Percentile par nombre de réponses
Votre historique - résultats
Vous n’avez pas pris ce quiz